| 000 | 00654nam a22002297a 4500 | ||
|---|---|---|---|
| 005 | 20170124110124.0 | ||
| 010 | _aA-682098 | ||
| 020 |
_c00.00 _a0333616774 |
||
| 037 | _bCen Lib/Ret | ||
| 040 |
_aDPL _bEN |
||
| 082 |
_a949.742 _bMAL |
||
| 100 |
_aMalcolm, Noel _931102 |
||
| 245 |
_aBosina : _cby Noel Malcolm _ba short history / |
||
| 260 |
_aLondon _bMacmillan _c1994 |
||
| 270 |
_aCavaye Place _bLondon |
||
| 300 |
_axxiv,340p. _c20cm(Hb) |
||
| 500 | _aIncludes bibliographical reference and index | ||
| 650 |
_aBosina _931103 |
||
| 650 |
_aJurisprudence _931104 |
||
| 700 | _930706 | ||
| 942 |
_2ddc _cEN _h949.742 _mMAL |
||
| 999 |
_c131192 _d131192 |
||